<?xml version="1.0" encoding="UTF-8"?>
<collection xmlns="http://www.loc.gov/MARC21/slim">
 <record>
  <leader>01698nam a2200205Ia 4500</leader>
  <controlfield tag="001">TDMU_31273</controlfield>
  <controlfield tag="008">210410s9999    xx            000 0 und d</controlfield>
  <datafield tag="082" ind1=" " ind2=" ">
   <subfield code="a">711.7</subfield>
  </datafield>
  <datafield tag="090" ind1=" " ind2=" ">
   <subfield code="b">NG527</subfield>
  </datafield>
  <datafield tag="100" ind1=" " ind2=" ">
   <subfield code="a">Nguyễn, Triệu Hoàng Quyên</subfield>
  </datafield>
  <datafield tag="245" ind1=" " ind2="0">
   <subfield code="a">Đánh giá tiềm năng và đề xuất giải pháp áp dụng sản xuất sạch hơn tại công ty TNHH Việt Phúc Hưng</subfield>
  </datafield>
  <datafield tag="245" ind1=" " ind2="0">
   <subfield code="c">Nguyễn Triệu Hoàng Quyên; ThS. Nguyễn Thanh Quang(hướng dẫn)</subfield>
  </datafield>
  <datafield tag="260" ind1=" " ind2=" ">
   <subfield code="a">Bình Dương</subfield>
  </datafield>
  <datafield tag="260" ind1=" " ind2=" ">
   <subfield code="c">2017</subfield>
  </datafield>
  <datafield tag="300" ind1=" " ind2=" ">
   <subfield code="a">123tr</subfield>
  </datafield>
  <datafield tag="520" ind1=" " ind2=" ">
   <subfield code="a">Chuyên ngành: Quản lý tài nguyên và Môi trường; Ý kiến về việc sao chép tài liệu: 30%; Ý kiến về việc chuyển dạng tài liệu ( từ giấy sang điện tử):  đồng ý; TM tài liệu tham khảo sau phần kết luận; Khóa luận tốt nghiệp ĐH Thủ Dầu Một, 2017; Luận văn gồm 4 phần. Phần 1 Tổng quan về cơ sở lý thuyết và thực tiễn của đề tài; Phần 2 Nội dung và phương pháp nghiên cứu; Phần 3 Kết quả và thảo luận; Phần 4 Kết luận và kiến nghị</subfield>
  </datafield>
  <datafield tag="650" ind1=" " ind2=" ">
   <subfield code="a">Khóa luận; Môi trường</subfield>
   <subfield code="x">Xử lý chất thải</subfield>
   <subfield code="x">Chất thải công nghiệp</subfield>
   <subfield code="z">Bình Dương; Chất thải công nghiệp</subfield>
   <subfield code="x">Sản xuất Gỗ</subfield>
   <subfield code="z">Công ty TNHH Việt Phúc Hưng (Bình Dương)</subfield>
  </datafield>
  <datafield tag="700" ind1=" " ind2=" ">
   <subfield code="a">Nguyễn Thanh Quang</subfield>
  </datafield>
  <datafield tag="856" ind1=" " ind2=" ">
   <subfield code="u">http://lrc.tdmu.edu.vn/opac/search/detail.asp?aID=2&amp;ID=31273</subfield>
  </datafield>
  <datafield tag="980" ind1=" " ind2=" ">
   <subfield code="a">Trung tâm Học liệu Trường Đại học Thủ Dầu Một</subfield>
  </datafield>
 </record>
</collection>
